[Event "EU-ch U20"]
[Site "Holon"]
[Date "1995.??.??"]
[Round "3"]
[White "Sutovsky, Emil"]
[Black "Shulman, Yuri"]
[Result "1/2-1/2"]
[WhiteElo "2545"]
[BlackElo "2540"]
[Annotator "Kapengut"]
[PlyCount "75"]
[EventDate "1995.11.??"]
[EventType "swiss"]
[EventRounds "9"]
[EventCountry "ISR"]
[SourceTitle "CBM 050"]
[Source "ChessBase"]
[SourceDate "1996.02.01"]
[SourceVersion "1"]
[SourceVersionDate "1996.02.01"]
[SourceQuality "1"]

1. e4 {Shulman Sutovskij} e6 2. d4 d5 3. Nd2 c5 4. Ngf3 Nc6 5. Bb5 a6 6. Bxc6+
bxc6 7. O-O (7. c3 Nf6 8. e5 Nd7 9. O-O Be7 (9... cxd4 10. cxd4 a5 (10... c5
11. Re1 Qb6 12. Nb3 cxd4 13. Nbxd4 Bc5 14. Rb1 a5 15. Be3 O-O $10 {Lendvai,
N-Szabo,E/HUN-chT2 1993}) 11. Re1 Be7 12. Nf1 O-O 13. Ng3 Ba6 14. Be3 c5 $132 {
Rohde,M-Vaganian,R/New York GP Qual 1994}) 10. Re1 O-O 11. Nf1 Rb8 (11... Bb7
$1) 12. Ng3 cxd4 $6 (12... Bb7) 13. Nxd4 $1 Qc7 14. Qg4 $1 $36 {Rohde,M-Gulko,
B/USA (ch) 48/381 1989}) 7... Nf6 8. e5 Nd7 9. dxc5 (9. c4 Be7 10. dxc5 Nxc5
11. Nd4 Bd7 12. Qg4 O-O 13. N2b3 Kh8 14. Nxc5 Bxc5 15. Be3 Qb6 16. Rac1 Rac8
17. Rc2 Bxd4 18. c5 $5 Qd8 19. Qxd4 $14 {Kuzmin,G-Fish,G/Alushta 1993}) 9...
Bxc5 (9... Nxc5 10. Nd4 a5 $5 $44) 10. c4 a5 (10... O-O 11. Nb3 Be7 12. Nbd4
Qb6 $13) 11. Nb3 Ba6 (11... Be7 $142 12. Nbd4 Qb6) 12. Nxc5 Nxc5 13. Qd4 $1 Ne4
(13... Nd7 $2 14. Qg4 $16) 14. b3 O-O 15. Ba3 (15. Rd1 $140 dxc4 $1 16. bxc4 (
16. Ba3 Qxd4 17. Rxd4 Nc3) 16... c5 $15) 15... c5 16. Qe3 (16. Bxc5 $6 Nxc5 17.
Qxc5 dxc4 18. bxc4 Rc8 19. Qd6 Bxc4 $15) 16... Rc8 (16... Qb6 $5) (16... Qc7 $5
17. Rac1 Rac8 18. Rfd1 Rfd8 19. cxd5 exd5 20. Bb2 Qb6 $132) 17. Rfd1 (17. Rac1
Qc7 18. Ne1 f5 (18... Qxe5 $2 19. f3 Qg5 20. Qxg5 Nxg5 21. h4) 19. f3 d4 20.
Qd3 Qxe5 $5 $44) 17... Bb7 18. Ne1 d4 19. Qf4 (19. Qh3 $2 Nc3 20. Rd2 Qg5 $19)
19... f6 20. f3 (20. Nd3 $6 fxe5 21. Qxe5 Qe8 $1 {/\Rf5}) 20... Nc3 (20... fxe5
$6 21. Qxe5 Qh4 22. Nd3 $16) 21. Rd2 Qe8 22. Bxc5 $5 (22. Nd3 Qg6 $1 (22...
fxe5 23. Qxe5 Rf5 24. Qg3 e5 25. Bxc5 {Sutovskij} Rc6 26. Re1 Rg6 27. Rxe5 Qc8
28. Rxf5 Rxg3 29. Rf8+ $16) 23. Qg3 $140 Qxd3) 22... Rxc5 23. Qxd4 Ne4 $8 (
23... Na4 $6 24. exf6 e5 25. Qd7 Qxd7 26. Rxd7 Rf7 27. Rd8+ Rf8 28. Rxf8+ Kxf8
29. fxg7+ Kxg7 30. Nd3 Kf6 31. Re1 $1 $18) 24. fxe4 Rxe5 25. Re2 Qg6 26. Nd3
Rxe4 27. Rxe4 Bxe4 28. Nf4 Qf5 29. Re1 (29. Rf1 e5 30. Qe3 exf4 (30... Bb7 31.
Nd5 $14) 31. Rxf4 Qe5 32. Rxe4 Qa1+ 33. Qe1 Qxa2 34. Re8 Qa3 35. Qe6+ Kh8 36.
Qf7 Qc1+ $10) 29... Qxf4 30. Rxe4 (30. g3 Qf3 31. Rxe4 a4 $5 (31... e5 $6 32.
Qd5+ Kh8 33. c5 h6 34. c6 Rc8 35. Rxe5 Qc3 36. Qd7 Qxc6 37. Re8+ $1) 32. bxa4
$140 Rb8 $132) 30... Qc1+ 31. Kf2 a4 $1 (31... Qc2+ 32. Re2 Qf5+ 33. Ke3 {
/\Ke3-d2-c3+/-}) 32. Rxe6 (32. Re2 axb3 33. axb3 e5 34. Qd5+ Kh8 $10) 32...
axb3 33. axb3 Qc2+ 34. Re2 Qxb3 $10 35. Qd5+ Kh8 36. Qd6 Rc8 37. Qc7 Rg8 38. h3
1/2-1/2

[Event "Ikaros op 43th"]
[Site "Ikaros"]
[Date "2020.07.14"]
[Round "5.1"]
[White "Kotronias, Vasilios"]
[Black "Nikolaidis, Ioannis"]
[Result "1/2-1/2"]
[WhiteElo "2510"]
[BlackElo "2535"]
[Annotator "Kapnisis,Spyridon"]
[PlyCount "90"]
[EventDate "2020.07.10"]
[EventType "swiss"]
[EventRounds "9"]
[EventCountry "GRE"]
[SourceTitle "CBM 197 Extra"]
[Source "ChessBase"]
[SourceDate "2020.09.30"]
[SourceVersion "1"]
[SourceVersionDate "2020.09.30"]
[SourceQuality "1"]

{[%evp 0,90,5,53,41,41,18,36,53,48,48,14,8,3,13,13,40,11,19,28,41,41,62,-17,
-23,-45,23,14,177,189,189,-15,88,111,447,262,195,195,395,166,185,93,103,103,83,
79,79,71,104,104,95,52,107,52,74,74,68,79,79,85,71,54,64,65,54,74,75,75,138,
128,94,96,107,120,136,127,98,87,145,107,101,88,112,107,118,115,126,104,104,62,
256,176,38]} 1. e4 e6 2. d4 d5 3. Nd2 a6 4. Bd3 c5 5. dxc5 Bxc5 6. Ngf3 Nc6 7.
O-O Nge7 {[#]} 8. a3 {Not the most popular move but a move that Kotronias has
trusted in another one of his games in the recent past.} (8. exd5 $5 {is more
common and usually leads to position with an isolated d5 pawn for Black.} exd5
(8... Qxd5 9. Ne4 $14) (8... Nxd5 9. Ne4 (9. Re1 O-O 10. Ne4 Be7 11. c3 Qc7 {
1/2 (42) Fernandez,D (2472)-Sedlak,N (2537) Paracin SRB 2015 looks quite
decent for black}) 9... Be7 (9... Ba7 10. c4 Nde7 (10... Ndb4 $6 11. Bb1 $16 {
[%csl Rb4][%cal Ya2a3]}) 11. Qe2 $14 {[%cal Yf1d1]} (11. Nfg5 $5)) 10. c4 Nf6
11. Qe2 Qc7 12. Bg5 (12. Bd2 $5) 12... Nxe4 13. Bxe4 Nd4 {1/2 (44) Pogonina,N 
(2499)-Zhukova,N (2466) Warsaw POL 2013 is fairly ok}) 9. Nb3 Bb6 (9... Bd6 10.
Re1 O-O 11. c3 $14 {1-0 (41) Adams,M (2697)-Akobian,V (2599) Wheeling USA 2010}
) 10. Re1 O-O 11. Be3 {1/2 (43) Adams,M (2733)-Grachev,B (2682) Muelheim GER
2011 is slightly better for White.}) (8. c3 Ba7 (8... O-O 9. exd5 exd5 10. Nb3
Bb6 11. Re1 {1/2 (42) Wang Puchen (2450)-Buchanan,W (2104) Glasgow SCO 2014})
9. exd5 exd5 {0-1 (36) Martirosyan,H (2607)-Ehlvest,J (2521) chess.com INT 2019
}) (8. Qe2 Nb4 $5 {1-0 (49) Mamedov,N (2602)-Mammadova,G (2360) Nakhchivan AZE
2018}) (8. Nb3 Ba7 9. exd5 exd5 10. Re1 O-O 11. Be3 $14 {1/2 (43) Shevchenko,K
(2438)-Chigaev,M (2542) Voronezh RUS 2016}) 8... O-O 9. b4 Ba7 10. Bb2 Ng6 11.
e5 (11. exd5 exd5 12. c4 Nf4 {should be ok for black}) 11... Nf4 12. Nb3 (12.
g3 Nxd3 13. cxd3 Bd7 (13... f5 $5 {[%cal Yf5f4]}) 14. Nb3 d4 $5 $132 {In my
opinion, black should be prefered.}) 12... f6 $1 (12... Bd7 $6 {Slow
development of the queenside is not enough for black to equalize.} 13. Qd2 Nxd3
14. cxd3 Rc8 15. Rfe1 Qe7 16. Rac1 Rc7 17. a4 Rfc8 18. b5 Nb8 19. Rxc7 Rxc7 20.
Bd4 Bxd4 21. Nfxd4 {1-0 (65) Kotronias,V (2486)-Janjic,S (2155) Belgrade SRB
2019 is unpleasant for black}) 13. exf6 {[#]} e5 $3 {Very nice idea which
makes the game wild. Probably it was part of Nikolaidis's preparation although
I must say that he is fully capable of producing original ideas like this over
the board.} (13... gxf6 {is not bad either and gives Black interesting
counterchances.} 14. Re1 $6 (14. Nfd4 Ne5 $13) 14... e5 15. Bf1 Bg4 (15... Ne7
$5 {[%cal Ye7g6]}) 16. Bc1 Nxg2 $5 {1/2 (38) Azarov,S (2586)-Cordova,E (2570)
Saint Louis USA 2019 with a complicated battle}) 14. fxg7 $6 {This just looks
a bit too greedy to be good.} (14. Nxe5 {Eliminating the pawn on e5 should
have been White's first priority.} Qxf6 15. Nxc6 Qg5 $1 (15... Qxc6 16. Be5 $16
) 16. g3 Nh3+ (16... bxc6 17. Nc5 Nh3+ 18. Kg2 Nf4+ $11) (16... Bg4 $5 17. Ne7+
$1 Kh8 18. h4 $1 Qh5 19. Qd2 Be6 {[%cal Yh5f3]} 20. Qd1 (20. Bf5 Ne2+ 21. Kh2
Rxf5 $13) 20... Bg4 $11) 17. Kh1 (17. Kg2 $2 Nxf2 $17 {[%cal Yc8h3]}) 17...
Nxf2+ 18. Rxf2 Rxf2 {[#] It is quite probable that White calculated up to here
and considered the position to be very risky. A long forced line leads to a
draw} 19. Nxa7 $1 Bg4 20. Qe1 $1 Bf3+ 21. Kg1 Rg2+ 22. Kf1 Rf8 23. Qe6+ $1 Kh8
24. Qd6 $1 {[#]} Rg1+ $1 (24... Kg8 $2 25. Bxh7+ $18) (24... Re8 25. Qf4 $18)
25. Kf2 (25. Kxg1 Qe3+ 26. Kf1 Bg2+ 27. Kxg2 Qf3+ $11) 25... Rg2+ $11) 14...
Rf7 $1 15. c4 $2 (15. Na5 $5 {is not enough to equalize:} e4 $1 (15... Nxa5 16.
bxa5 e4 $1 17. Bxe4 Bg4 18. Bd3 Bb8 $5 $40 (18... Rc8 $5)) (15... Bg4 16. Nxc6
bxc6 17. Bxe5 Nxg2 18. Kxg2 Bxf3+ 19. Qxf3 Rxf3 20. Kxf3 $13) 16. Bxe4 Bg4 17.
Nxc6 bxc6 18. Bd3 Bb8 $40 (18... Nh3+ $5)) (15. Ne1 Qh4 $17) 15... Bg4 $6 {
Black has a lot of attractive moves which promise him a nice advantage but Bg4,
although perfectly logical, is not one of them} (15... Nxd3 $5 16. Qxd3 e4 17.
Qxd5 exf3 $17) (15... Be6 $5 16. Nc5 (16. cxd5 Bxd5 $19 {[%cal Yf4g2] White is
in no position to defend.}) 16... Bxc5 17. bxc5 e4 $17) (15... Rxg7 $6 16. Kh1
Rxg2 (16... Be6 {is probably preferable with Black having the better chances
in a very complicated battle.}) 17. cxd5 {is a total mess and obviously very
difficult to calculate and evaluate during the game} Bg4 (17... Qxd5 $6 18.
Bxh7+ $1 Kxh7 19. Qxd5 Nxd5 20. Kxg2 Nf4+ 21. Kg3 Ne2+ 22. Kh4 $14) 18. dxc6 (
18. Rg1 Rxg1+ 19. Qxg1 h5 $13) 18... Bxf3 (18... Nxd3 $5 19. Kxg2 e4 20. Rg1 $1
Kf8 $1 (20... Bxf3+ $2 21. Kf1+ Kf8 {[#]} 22. Nc5 $3 (22. Qd2 Qh4 23. Rg3 $1
Qxh2 24. Rg8+ $1 Kxg8 25. Qg5+ Kf7 26. Qg7+ $11) 22... Bxc5 (22... Bxd1 23.
Ne6+ Ke7 24. Nxd8 Nxb2 25. Rg7+ $1 Kf6 26. Rf7+ Kg6 27. Rd7 $16) 23. Qb3 $18)
21. Kf1 Bh3+ $1 22. Rg2 Qd5 $13) 19. Qxf3 Rxh2+ 20. Kxh2 Qh4+ $11) (15... e4 $5
16. Bxe4 dxe4 17. Qxd8+ Nxd8 18. Ng5 Re7 $17) 16. cxd5 {[#]} Nh3+ $2 (16...
Nxg2 $1 17. Be4 Nh4 18. dxc6 Bxf3 19. Qxd8+ Rxd8 20. Bxf3 Nxf3+ 21. Kg2 Rd6 $1
{is unpleasant for White but probably defendable.}) (16... Nd4 17. Nbxd4 Bxd4
18. Bxd4 exd4 19. Be4 Qf6 $44 {[%cal Ya8e8,Yd4d3,Yf4g2] remains highly complex.
Black's attack against the white king is far from over.}) 17. Kh1 Bxf3 18. gxf3
Nd4 19. Bxd4 $6 (19. Nxd4 exd4 20. d6 $1 $18 {[%cal Yd3c4]}) 19... exd4 {[#]}
20. Qe2 $2 (20. d6 $1 {It was important for white to activate his
light-squared bishop} Rxg7 (20... Kxg7 21. Bc4 $1 Rf4 22. Be6 $18) (20... Rc8
21. Nc5 $1 $16) (20... Qxd6 $2 21. Bc4 Bb8 $2 (21... Qf4 22. Qe2 $18 {[%cal
Ye2e4]}) 22. Bxf7+ Kxf7 23. f4 Qxf4 (23... Nxf4 24. Qxd4 $18) 24. Qh5+ $18 {
[%cal Yh5h3]}) 21. Bf5 $1 Qxd6 $5 (21... Nf4 22. Rg1 $16) 22. Bxh3 Bb8 23. f4
$1 Qxf4 24. Be6+ Kh8 25. Qh5 Qe4+ 26. f3 Qxe6 27. Rfe1 $16) (20. Nd2) 20... Nf4
21. Qe4 Nxd3 22. Qxd3 Qxd5 23. Nd2 Rxg7 (23... Qf5 $5 $14) 24. Rg1 Rf8 25.
Rxg7+ (25. Rae1 $5) 25... Kxg7 26. Rg1+ Kh8 27. Rg4 (27. Ne4 $5) 27... Qf5 {[#]
} 28. Qxf5 $2 {The exchange of queens gives away most of White's advantage.
Keeping the queens on the board makes more sense since white can use all his
pieces for an attack against the black king while Black's bishop must be left
on a7 protecting d4.} (28. Re4 $1 {[%csl Ra7][%cal Yh1g2,Yg2f1]} Rg8 29. Nf1 {
[%cal Yf1g3]} Qb5 $1 30. Qd1 $1 Qc6 (30... a5 31. Qb1 axb4 32. axb4 Bc5 33. Rh4
$1 Rg7 34. Ng3 Qxb4 35. Qe4 Bf8 36. Qd5 {Black is under pressure}) 31. Re7 $16)
28... Rxf5 29. Kg2 a5 30. bxa5 Rxa5 31. Ne4 $6 (31. Re4 $5 Rxa3 32. Re8+ Kg7
33. Re7+ Kg6 34. Rxb7 $14) 31... Rd5 $1 32. Kf1 (32. Rh4 d3 33. Rxh7+ Kxh7 34.
Nf6+ Kg6 35. Nxd5 Kf5 $11) 32... d3 33. Ke1 Bd4 (33... Rf5 $5) 34. Kd2 Bg7 35.
f4 Ra5 36. Rg3 $6 {After this move White will be forced to exchange rooks
which will make Black's defense even easier. Objectively Black shouldn't have
serious problems to fully equalize either way.} (36. Kxd3 Rxa3+ 37. Ke2 b5 38.
Nd6 b4 39. f5 Ra6 $1 40. Rxb4 (40. Nf7+ Kg8 41. Nd8 b3 42. Ne6 Ra7 $11) 40...
Rxd6 41. Rb8+ Bf8 42. Rxf8+ Kg7 43. Rb8 Rh6 $11) 36... Rxa3 (36... Bh6 $5) 37.
Rxd3 Rxd3+ 38. Kxd3 b5 {The pawn on b5 creates enough counterplay so that
Black has no problem to secure the draw.} 39. Kc2 Bf8 40. Nc3 b4 41. Nd5 Kg7
42. f5 Kh6 43. f4 Bd6 44. h3 {[#]} Bxf4 $1 {Black finds the quickest way to
force the draw} 45. Nxf4 Kg5 $5 $11 (45... Kg5 46. Ng2 Kxf5 47. Kd3 (47. Kb3
Ke4 48. Kxb4 Kf3 $11) 47... b3 $11) 1/2-1/2

[Event "Bonn GSK"]
[Site "Bonn"]
[Date "1993.??.??"]
[Round "?"]
[White "Kengis, Edvins"]
[Black "Glek, Igor Vladimirovich"]
[Result "1/2-1/2"]
[WhiteElo "2555"]
[BlackElo "2545"]
[Annotator "Kengis,E"]
[PlyCount "37"]
[EventDate "1993.??.??"]
[EventType "tourn"]
[EventRounds "9"]
[EventCountry "GER"]
[EventCategory "8"]
[SourceTitle "CBM 034"]
[Source "ChessBase"]
[SourceDate "1993.06.01"]
[SourceVersion "1"]
[SourceVersionDate "1993.06.01"]
[SourceQuality "1"]

1. e4 e6 2. d4 d5 3. Nd2 c5 4. Ngf3 cxd4 5. Nxd4 (5. exd5 Qxd5 6. Bc4 Qd6 7.
O-O) 5... Nf6 6. exd5 Nxd5 7. N2f3 Bb4+ 8. Bd2 (8. c3 $4 Nxc3 $1 9. bxc3 Bxc3+
10. Bd2 Bxd4 $19) 8... Bxd2+ 9. Qxd2 O-O 10. Bc4 b6 $6 (10... Nb6 11. Be2 (11.
Bb3 e5 12. Nb5 Qxd2+ 13. Nxd2 Nc6 14. c3 Rd8 $10) 11... Qf6) 11. O-O-O Bb7 12.
Rhe1 Qc8 (12... Qf6 13. Ne5 Qf4 14. Bxd5 Qxd2+ 15. Rxd2 Bxd5 (15... exd5 16.
Nf5 $16) 16. Nf5 exf5 (16... Bb7 $4 17. Ne7+ Kh8 18. Nxf7+ $1 Rxf7 19. Rd8+ $18
) 17. Rxd5 $16) 13. Bxd5 Bxd5 14. Nf5 exf5 (14... Qb7 15. Nxg7 Kxg7 16. Qg5+
Kh8 17. Qf6+ Kg8 18. Re5 Rc8 19. Rdxd5 exd5 20. Rg5+ Kf8 21. Nd4) 15. Qxd5 Nc6
16. Ne5 Nxe5 17. Qxe5 g6 18. g3 $2 (18. Qd5 $1 $16 Rd8 19. Qxd8+ Qxd8 20. Rxd8+
Rxd8 21. Re7) 18... Re8 19. Qxe8+ (19. Qxe8+ Qxe8 20. Rxe8+ Rxe8 21. Rd7 Re2)
1/2-1/2

[Event "Vienna op"]
[Site "Vienna"]
[Date "1990.??.??"]
[Round "6"]
[White "Kengis, Edvins"]
[Black "Blees, Albert"]
[Result "1-0"]
[WhiteElo "2545"]
[BlackElo "2400"]
[Annotator "Knaak,R"]
[PlyCount "113"]
[EventDate "1990.10.??"]
[EventType "swiss"]
[EventRounds "9"]
[EventCountry "AUT"]
[SourceTitle "CBM 021"]
[Source "ChessBase"]
[SourceDate "1991.04.01"]
[SourceVersion "1"]
[SourceVersionDate "1991.04.01"]
[SourceQuality "1"]

1. e4 e6 2. d4 d5 3. Nd2 a6 4. Ngf3 c5 5. dxc5 Bxc5 6. Bd3 Nc6 7. a3 Nge7 8.
O-O O-O 9. b4 Ba7 10. Bb2 Ng6 11. e5 {N} Nf4 $6 (11... f6 $1) 12. Nb3 Bd7 13.
Qd2 Nxd3 14. cxd3 Ne7 15. Bd4 $16 Bb8 16. a4 Nf5 17. Bc5 Re8 18. a5 f6 19. Rae1
fxe5 20. Nxe5 Bxe5 21. Rxe5 Rc8 22. Rfe1 Nh4 23. Bd4 Ng6 24. R5e2 Qh4 25. Be5
Bc6 26. Nc5 d4 27. Bg3 Qh5 28. Nxe6 Qd5 29. f3 Nf8 30. Re5 Qd7 31. Nc5 Qf7 32.
h4 Rxe5 33. Bxe5 Rd8 34. Qg5 Rd5 35. Qg3 Ng6 36. h5 Ne7 37. Qxg7+ Qxg7 38. Bxg7
Nf5 39. h6 Ne3 40. Ne4 Rb5 41. Rb1 Nf5 42. Bf6 Kf7 43. Bd8 Rd5 44. Bg5 Kg6 45.
Kf2 Nxh6 46. Bxh6 Kxh6 47. Nc5 Kg6 48. Re1 Kf7 49. Rh1 h5 50. Rh4 Bb5 51. Rf4+
Kg6 52. Re4 Kf7 53. Kg3 Bc6 54. Kh4 Rd8 55. Re5 Rg8 56. Rf5+ Ke7 57. Rg5 1-0

[Event "New York WFW"]
[Site "New York"]
[Date "1990.??.??"]
[Round "?"]
[White "Wolff, Patrick G"]
[Black "Mednis, Edmar John"]
[Result "1/2-1/2"]
[WhiteElo "2540"]
[BlackElo "2450"]
[Annotator "Knaak,R"]
[PlyCount "51"]
[EventDate "1990.09.??"]
[EventType "tourn"]
[EventRounds "9"]
[EventCountry "USA"]
[EventCategory "11"]
[SourceTitle "CBM 020"]
[Source "ChessBase"]
[SourceDate "1991.02.01"]
[SourceVersion "1"]
[SourceVersionDate "1991.02.01"]
[SourceQuality "1"]

1. e4 e6 2. d4 d5 3. Nd2 c5 4. Ngf3 cxd4 5. exd5 Qxd5 6. Bc4 Qd6 7. O-O Nf6 8.
Nb3 Nc6 9. Nbxd4 Nxd4 10. Nxd4 a6 11. Bb3 Bd7 12. Re1 O-O-O 13. Bg5 Qc7 $5 {
Auch 13...Qc5 14.Bf4 Bd6 ist gut.} 14. Qf3 Bd6 15. h3 Bh2+ 16. Kh1 Be5 17. Rad1
{>= 17.c3} Bxd4 $1 18. Rxd4 Bc6 $15 19. Qc3 Rxd4 20. Qxd4 Rd8 21. Qh4 Qa5 22.
c3 Qf5 23. Bc1 $2 g5 $1 24. Bxg5 (24. Qxg5 Qxf2 25. Rg1 Rg8 26. Qe3 Rxg2 $19)
24... Rg8 25. f4 Ne4 $2 (25... h6 $1 26. Qxh6 (26. Re5 hxg5 27. Rxf5 gxh4 28.
Rxf6 Rxg2 29. Rxf7 Rg7+ 30. Kh2 Rxf7 31. Bxe6+ Rd7 $19) 26... Ne4 27. Bd1 (27.
Kh2 Nxg5 28. fxg5 Bxg2 $19) 27... f6 28. Bg4 (28. Bh4 Qxh3+ $3 29. gxh3 Nf2+
30. Kh2 Rg2#) 28... Nf2+ 29. Kg1 Nxg4 30. hxg4 Qxg4 $19) 26. Bd1 (26. Bd1 Nxg5
(26... f6 27. Bg4 fxg5 28. Bxf5 gxh4 29. Bxe4) 27. fxg5 Rxg5 28. Bg4 Qc2 (28...
Bxg2+ 29. Kxg2 h5 30. Rd1 $1) 29. Re2 Qc1+ 30. Qe1 Qf4 31. Qf2) 1/2-1/2

[Event "ARG-ch"]
[Site "Argentina"]
[Date "1995.??.??"]
[Round "5"]
[White "Zarnicki, Pablo Adrian"]
[Black "Giaccio, Alfredo Gustavo"]
[Result "0-1"]
[WhiteElo "2570"]
[BlackElo "2410"]
[Annotator "Knaak,R"]
[PlyCount "74"]
[EventDate "1995.??.??"]
[EventType "tourn"]
[EventRounds "15"]
[EventCountry "ARG"]
[EventCategory "9"]
[SourceTitle "CBM 049"]
[Source "ChessBase"]
[SourceDate "1995.12.01"]
[SourceVersion "1"]
[SourceVersionDate "1995.12.01"]
[SourceQuality "1"]

1. e4 {King} e6 2. d4 d5 3. Nd2 a6 4. Ngf3 c5 5. dxc5 Bxc5 6. Bd3 Nc6 7. O-O
Nge7 8. c3 O-O 9. Qe2 Ng6 (9... Ba7 10. Re1 Ng6 11. Nf1 Qc7 12. Bc2 d4 13. e5
Rd8 14. Bg5 Re8 15. cxd4 Nxd4 16. Nxd4 Bxd4 17. Rad1 Bc5 18. h4 h6 19. h5 Nf8
20. Bh4 Be7 21. Bxe7 Qxe7 22. Ng3 $14 {Conquest,S-Machulsky,A/Alma-Ata/1989/
0-1 (38)}) 10. Nb3 Bd6 (10... dxe4 11. Bxe4 Bd6 12. Be3 Qc7 13. Rad1 Rd8 14.
Qc4 $1 Bd7 15. Bxg6 hxg6 16. Ng5 $1 Be7 17. Nc5 Ne5 18. Qh4 $1 Bxc5 19. Bd4 $1
Be8 20. Rfe1 Rd5 21. f4 Rad8 22. fxe5 R8d7 23. Kh1 Bxd4 24. cxd4 Qb6 25. Re4
Rc7 26. Rf1 Rcd7 27. Ref4 Rxd4 28. Qh7+ Kf8 29. Qh8+ Ke7 30. Rxf7+ Kd8 31.
Qxe8+ $1 {1-0 Rozentalis,E-Nikolic,P/Moscow olm (04) LTU-BIH ;CBM 45 1994}) (
10... Ba7 $5) 11. Bg5 Qc7 (11... f6 12. Be3 Nf4 13. Bxf4 Bxf4 14. Rad1 $14 {
Kholmov/}) 12. Rad1 (12. exd5 exd5 13. h3 (13. Bxg6 fxg6 $5 14. Qd3 Be6 15. Bh4
Kh8 16. Bg3 Bg4 $6 17. Qxd5 $1 Rad8 18. Nfd4 $1 Ne5 (18... Bxg3 19. fxg3 $16)
19. Ne6 Qf7 20. Nbd4 Rfe8 21. Bxe5 Bxe5 22. Qxe5 Bxe6 23. Nxe6 Rxe6 24. Qg5
Rde8 25. Qd5 $16 {1-0 Dudek,R-Mueller,O/BL2-S 9495 (38)}) 13... Nf4 14. Bxf4
Bxf4 15. Rad1 Be6 16. Nbd4 Rae8 17. Rfe1 g6 18. Qc2 Bc8 19. Bf1 Na5 20. g3 Bh6
21. Bg2 Nc4 22. Nh2 $14 {Kholmov,R-Dolmatov,S/Volgodonsk/1983/1-0 (39)}) 12...
h6 13. Be3 Nge7 14. Bb1 dxe4 15. Bxe4 f5 16. Bc2 e5 17. Bb6 Qb8 (17... Qxb6 18.
Rxd6 e4 19. Ne5 $16) 18. g3 Rf6 19. Nc5 e4 20. Nd4 Bc7 21. Bb3+ Kh7 22. Nxc6 (
22. Bxc7 Qxc7 {>< Nc5}) 22... Rxc6 23. Nd7 Bxd7 24. Rxd7 Bxb6 25. Rxe7 Rc7 $10
26. Re6 Rc6 {King: The light squares are often a problem for Black in this
particular variation of the Tarrasch Variation of the French Defence. White's
pieces fill the vacuum created by the advance of the e and f pawns.  However,
it seems that Black's defensive resources are sufficient, and White
overpresses, frustrated by his inability to breakthrough.} 27. Re7 (27. Rxc6
bxc6 {>< Pf2}) (27. Qh5 {King  Black hangs on if he plays accurately.} Rxe6 28.
Bxe6 (28. Qxf5+ Rg6 29. Rd1 Qc8 (29... Qc7 30. Bf7 Qc6 31. Bxg6+ Qxg6 32. Qxg6+
Kxg6 33. Rd6+) 30. Rd7 Kh8) 28... g6 29. Qe2 Qe5) 27... Rc7 28. Re5 $6 (28. Re6
$10) 28... Rxc3 29. Rxf5 Rxg3+ 30. Kh1 Rh3 31. f4 exf3 (31... Re3) 32. R5xf3
Rxf3 33. Rxf3 Qe8 34. Bc2+ Kh8 35. Qd3 Qg8 36. Qg6 Rc8 37. Be4 $4 (37. Qxb6
Rxc2 38. Qxb7 Qe6 39. Rg3 $10) 37... Rc1+ 0-1

[Event "Reggio Emilia-A 9192 34th"]
[Site "Reggio Emilia"]
[Date "1992.??.??"]
[Round "7"]
[White "Ivanchuk, Vassily"]
[Black "Anand, Viswanathan"]
[Result "1/2-1/2"]
[WhiteElo "2735"]
[BlackElo "2650"]
[Annotator "Knaak,R"]
[PlyCount "88"]
[EventDate "1991.12.??"]
[EventType "tourn"]
[EventRounds "9"]
[EventCountry "ITA"]
[EventCategory "18"]
[SourceTitle "CBM 027"]
[Source "ChessBase"]
[SourceDate "1992.04.01"]
[SourceVersion "1"]
[SourceVersionDate "1992.04.01"]
[SourceQuality "1"]

1. d4 e6 2. e4 d5 3. Nd2 c5 4. exd5 Qxd5 5. Ngf3 cxd4 6. Bc4 Qd6 7. O-O Nf6 8.
Nb3 Nc6 9. Nbxd4 Nxd4 10. Nxd4 a6 11. Bb3 Qc7 12. Qf3 Bd6 13. Kh1 {N; Der Bd6
hat nicht den Tempozug Bh2+.} (13. h3 O-O 14. Bg5 Nd7 15. c3 b5 $13) 13... O-O
14. Bg5 Nd7 15. c3 Ne5 $5 (15... b5 16. Rad1 Bb7 17. Qh3 {/\ 18.Nxe6}) 16. Qh5
Ng6 17. Bc2 h6 18. Nf3 b5 19. Rad1 Bf4 20. Bxf4 Nxf4 21. Qe5 Qxe5 22. Nxe5 Bb7
23. f3 Rfd8 $10 24. Kg1 Rac8 25. a3 f6 26. Nd3 Nxd3 27. Rxd3 Rxd3 28. Bxd3 Rd8
29. Rd1 Kf8 30. Be2 Rxd1+ 31. Bxd1 g5 32. g3 Ke7 33. Kf2 a5 34. f4 gxf4 35.
gxf4 Kd6 36. b4 axb4 37. cxb4 e5 38. Ke3 Bc6 39. Bh5 Bd7 40. Bf7 Bc6 41. h4 Ke7
42. Bb3 Kd6 43. Bd1 f5 44. Bc2 Bd7 1/2-1/2